000 00766nam a2200229 i 4500
001 143481
003 ES-MaACL
005 20260209164529.0
007 t|
008 070214s1945 sp f r ||||1| spa d
080 _a913(6)
080 _a94(100)"1939/45"
100 1 _aSentís, Carlos.
_9105483
245 1 0 _aÁfrica en blanco y negro
_b: del Congo a Argel con el general De Gaulle /
_cCarlos Sentís.
260 _aBarcelona :
_b[s.n.],
_c1945 (
_fTip. Salvador Rosás Bayer)
300 _a225 p., 56 lám. ;
_c21 cm.
600 1 4 _aGaulle, Charles de,
_d1890-1970
_956005
650 4 _aGuerra mundial, 1939-1945-
_xCampañas-
_zÁfrica.
_9155226
651 4 _aÁfrica-
_xDescripción
_97593
852 _aES-MaACL
_jF-16221
999 _c143481
_d143481